On This Day: October 25th II Quiz Stats

 Plays Quiz Updated Oct 25, 2018

Score 0/7 Timer 03:00
0 Plays Today
Question Answer Wrong Answers
This John Carpenter film, starring Donald Pleasence and Jamie Lee Curtis in her film debut, is released.
1978
Halloween
84.2%
The Shining
4%
Rosemary’s Baby
6.5%
The Omen
4.3%
This American singer-songwriter and TV personality, known for hits like ‘Last Friday Night (T.G.I.F.)’ and ‘California Gurls’, is born.
1984
Katy Perry
81.5%
Lady Gaga
6.4%
Beyoncé
3.7%
Britney Spears
7.1%
The ______ takes over administration of Taiwan following Japan’s surrender to the Allies.
1945
Republic of China
81.1%
Kingdom of China
4.4%
Chinese Federation
8.5%
Commonwealth of China
5.4%
At the 19th National Congress of the Communist Party of China, this man assumes his second term as General Secretary.
2017
Xi Jinping
72.9%
Hu Jintao
9.3%
Zhao Ziyang
12.2%
Jiang Zemin
3.7%
Former Secretary of the Interior Albert B. Fall is convicted of accepting a $100,000 bribe in the ______ scandal, the first US Cabinet member jailed for committing a crime while in office.
1929
Teapot Dome
68.7%
Watergate
4.2%
Iran-Contra
2.5%
Whiskey Ring
24.4%
‘Speak Now’, the 3rd studio album by ______, is released, ultimately becoming the Billboard Album of the Year.
2010
Taylor Swift
67%
Miley Cyrus
10.3%
Ariana Grande
11.7%
Kesha
9.4%
This man succeeds Ferdinand Sarien as Prime Minister of France, ultimately playing a central role in the politics of the French Third Republic.
1906
Georges Clemenceau
61%
David Lloyd George
1.9%
Charles de Gaulle
30.3%
Franz Ferdinand
6.7%

You're not logged in!

Compare scores with friends on all Sporcle quizzes.
OR
Log In

Sporcle TV

Today on Sporcle TV


Watch our educational content, quiz creation guides, and fun videos on Sporcle TV.

Show Comments

Extras

Top Quizzes Today


Score Distribution

Your Account Isn't Verified!

In order to create a playlist on Sporcle, you need to verify the email address you used during registration. Go to your Sporcle Settings to finish the process.

Report this User

Report this user for behavior that violates our Community Guidelines.

Details: